| 000 | 00620nam a2200241Ia 4500 | ||
|---|---|---|---|
| 008 | 160803s9999 xx 000 0 und d | ||
| 020 | _a0 590273620 | ||
| 100 | _aRomay, Saturnino | ||
| 245 | _aPizza / | ||
| 245 | _cwritten by Saturnino Romay ; illustrated by Annie Mitra. | ||
| 260 | _aNew York : | ||
| 260 | _bScholastic Inc. | ||
| 260 | _c1994 | ||
| 300 | _a16 pages : | ||
| 300 | _bcolor illustrations ; | ||
| 300 | _c19 x 23 cm. | ||
| 440 | _aBeginning literacy ; | ||
| 440 | _vStage A. | ||
| 650 | _aPizza -- | ||
| 650 | _aReaders (Primary) | ||
| 650 | _xJuvenile literature. | ||
| 700 | _aBR | ||
| 999 |
_c299315 _d299315 |
||